Perspektívy obchodných vzťahov krajín V4 s regiónom Západný Balkán diplomová práca

Guardado en:
Detalles Bibliográficos
Autor principal: Matúšová, Nastasia
Autor Corporativo: Obchodná fakulta EU. Katedra medzinárodného obchodu
Otros Autores: Zubaľová, Ľubica, 1969-
Formato: Libro
Lenguaje:eslovaco
Publicado: Bratislava 2024
Etiquetas: Agregar Etiqueta
Sin Etiquetas, Sea el primero en etiquetar este registro!

MARC

LEADER 00000nbm a2200000 4500
001 0302238
005 20250807123005.3
041 0 |a slo 
044 |a SK 
245 1 0 |a Perspektívy obchodných vzťahov krajín V4 s regiónom Západný Balkán  |b diplomová práca  |c Nastasia Matúšová ; školiteľ: Ľubica Zubaľová 
264 1 |a Bratislava  |c 2024 
300 |a 94 s. 
100 1 |a Matúšová, Nastasia 
700 1 |a Zubaľová, Ľubica, 1969- 
710 2 |a Obchodná fakulta EU. Katedra medzinárodného obchodu